000 00856cab a2200253 4500
001 ABS57989
008 090401t1997 xxu||||| |||| 00| 0 eng d
035 _a(Sirsi) u82301
041 _aeng
100 _aHolland, M.
245 _aMarket rent - what is it? what does it mean?
260 _c1997
350 _a0
490 _aSouth African Valuer
_v(51) September 1997, 4-7(4)
520 _aDefines market rent, as adopted by the Australian Institute of Valuers and Land Economy (AIVLE), and discusses a few of the fundamentals of valuation methodology. Refers to Australian and UK case law.
650 _aMARKET RENT
650 _aMARKET RENTAL VALUE
650 _aPONSFORD V HMS AEROSOLS LTD
650 _aSEGAMA NV V PENNY LE ROY LTD
650 _aSOUTH AFRICA
690 _aRATING AND VALUATION
942 _n0
948 _c24/11/1997
999 _c51937
_d51937